| 000 | 01647nam0a2200313 i 4500 | ||
|---|---|---|---|
| 001 | RU\NLR\BIBL_A\011440600 | ||
| 005 | 20240921133601.0 | ||
| 010 |
_a9785930554281 _9500 |
||
| 021 |
_aRU _b2017-47013 _93382 |
||
| 035 | _a(RuMoRGB)008923668 | ||
| 035 | _a(NLR Aleph) 011440600 | ||
| 090 |
_a11699970 _c11699970 |
||
| 100 | _a20170718d2017 um y0rusy50 ca | ||
| 101 | 0 | _arus | |
| 102 | _aRU | ||
| 105 | _aa|||j|||000zy | ||
| 200 | 1 |
_aГосударственное регулирование оборота земель сельскохозяйственного назначения _eучебник _e[для слушателей курсов повышения квалификации] _fБезбородов, А. Г., Безбородов Ю. Г. |
|
| 210 |
_aМосква _cИздательско-полиграфический центр Восход-А _cБизнес-центр "Смирновский" _d2017 |
||
| 215 |
_a125 с. _cил., табл. _d22 |
||
| 320 | _aБиблиогр.: с. 122 (16 назв.), в конце разд. и в подстроч. примеч. | ||
| 606 | 1 |
_aЗемельные ресурсы _jРуководства, пособия и т.п _xУправление _xПравовое регулирование _yРоссийская Федерация _92343438 _3RU\NLR\AUTH\661400586 |
|
| 686 | 1 | _aХ625я7 | |
| 686 | 1 | _aУ32(2)-51-21(2Р)я7 | |
| 700 | 1 |
_aБезбородов _bА. Г. _gАлександр Германович |
|
| 701 | 1 |
_aБезбородов _bЮ. Г. _gЮрий Германович |
|
| 942 | _cBOOK | ||
| 980 | _aNBR | ||